Vatavaran chetna / (Record no. 524546)

000 -LEADER
fixed length control field 00296nam a22001337a 4500
003 - CONTROL NUMBER IDENTIFIER
control field NUST
020 ## - INTERNATIONAL STANDARD BOOK NUMBER
Terms of availability (Hbk)
038 ## - RECORD CONTENT LICENSOR
Staff Name M. Shaban
082 ## - DEWEY DECIMAL CLASSIFICATION NUMBER
Classification number 333.7
Author Mark VER
100 ## - MAIN ENTRY--PERSONAL NAME
Personal name Verma, Satish Kumar
9 (RLIN) 15353
245 ## - TITLE STATEMENT
Title Vatavaran chetna /
Statement of responsibility, etc. Satish Kumar Verma
300 ## - PHYSICAL DESCRIPTION
Extent 86 p. ;
942 ## - ADDED ENTRY ELEMENTS (KOHA)
Source of classification or shelving scheme
Koha item type Book
Holdings
Withdrawn status Lost status Source of classification or shelving scheme Damaged status Not for loan Permanent Location Current Location Shelving location Date acquired Total Checkouts Full call number Barcode Date last seen Price effective from Koha item type
          Central Library (CL) Central Library (CL) Punjabi Literature 06/22/2019   333.7 VER CL-E-2160 06/22/2019 06/22/2019 Book
© 2023 Central Library, National University of Sciences and Technology. All Rights Reserved.